[Event "FIDE Zone 3.4 Men-ch 2017"]
[Site "Tashkent"]
[Date "2017.06.20"]
[Round "5.7"]
[White "Fayzullaev, Akmal"]
[Black "Kuybokarov, Temur"]
[Result "1-0"]
[WhiteElo "2391"]
[BlackElo "2487"]
[Annotator "TA"]
[PlyCount "71"]
[EventDate "2017.??.??"]
[EventType "swiss"]
[EventCountry "UZB"]
[SourceTitle "playchess.com"]
[Source "ChessBase"]
[SourceQuality "1"]

{[%evp 10,71,12,17,12,11,17,4,18,0,0,0,0,5,26,0,0,0,0,0,0,0,42,56,38,22,0,0,27,-18,-15,-75,-71,-100,-79,-61,-13,-20,0,0,31,28,139,18,389,250,1029,997,958,567,672,395,404,404,375,330,454,442,487,512,492,469,29983,29984]} 1. Nf3 Nf6 2. c4 c5 3. e3 e6 4. b3 b6 5. Bb2 Bb7 6. Nc3 {LiveBook: 37 Games. A30: Symmetrical English: Double Fianchetto and Hedgehog} d5 (6... Be7 7. Be2 O-O 8. O-O d6 9. d4 cxd4 10. Nxd4 a6 11. Bf3 Ra7 12. Rc1 Qd7 13. a3 h6 14. h3 Rc8 15. Re1 Bxf3 16. Qxf3 Qb7 17. e4 Nbd7 {1-0 (60) Deepan Chakkravarthy,J (2485)-Kunin,V (2576) Basel 2017}) 7. cxd5 exd5 8. d4 {The position is equal.} Nbd7 9. Bb5 Bd6 10. O-O O-O 11. Rc1 Re8 $146 ({Predecessor:} 11... Rc8 12. Qe2 Ne4 13. Ba6 Bxa6 14. Qxa6 cxd4 15. Nxd4 Ne5 16. Qe2 Nxc3 17. Bxc3 f5 18. Rfd1 f4 {0-1 (18) Vysniauskas,V-Zukauskas,A (1713) Plateliai 2014}) 12. dxc5 bxc5 13. Na4 {[#] Bxf6 is the strong threat.} Re7 14. Qd3 Ne4 15. Nd2 {Black must now prevent Nxe4.} Ne5 (15... d4 $5 {[%cal Rd6h2]}) 16. Bxe5 Rxe5 17. f4 Re6 {[#] Strongly threatening ...a6.} 18. Nxe4 c4 19. Qd2 {aiming for Nec5.} (19. Bxc4 $5 dxc4 20. Rxc4 $14) 19... Rxe4 20. Nc3 (20. bxc4 $11 a6 21. c5 axb5 22. Nc3) 20... Bb4 $17 {Hoping for ...d4.} 21. a3 Bxc3 $1 22. Rxc3 Qa5 23. bxc4 dxc4 24. Rb1 $36 {[%mdl 2048] White is pushing.} g5 (24... Rd8 $5 {[%cal Rd8d2]} 25. Qc2 Bd5 $11) 25. Qc1 ({Of course not} 25. fxg5 Rd8 $17) 25... Rc8 (25... Bd5 $1 $11 {remains equal.} 26. Bxc4 Bxc4 27. Rxc4 Rxc4 28. Qxc4 Qxa3) 26. Bxc4 (26. Bd7 $16 Rc7 27. Rb5) 26... Rc7 $2 {[%mdl 8192]} (26... Bd5 $11 {and Black has nothing to worry.} 27. Rb5 Qxc3 28. Qxc3 Rexc4) 27. Rb5 Qa4 $2 (27... Rexc4 28. Rxc4 (28. Rxa5 $2 {is the wrong capture.} Rxc3 29. Qxc3 Rxc3 $19) 28... Rxc4 29. Qxc4 (29. Rxa5 $2 {too greedy.} Rxc1+ 30. Kf2 Rc2+ 31. Ke1 gxf4 $19) 29... Qe1+ 30. Qf1 Qxf1+ 31. Kxf1 Ba6) 28. Rxg5+ $18 Kf8 29. Bf1 Rd7 30. Rc7 Rxc7 31. Qxc7 {White threatens Qd6+ and mate.} Qc6 32. Qb8+ Re8 33. Qxa7 f6 34. Rb5 Re7 35. Qd4 Qc1 (35... Rd7 $18) 36. Qxf6+ {Precision: White = 57%, Black = 27%.} 1-0

[Event "FIDE Zone 3.4 Men-ch 2017"]
[Site "Tashkent"]
[Date "2017.06.21"]
[Round "6"]
[White "Vakhidov, Jahongir"]
[Black "Esenov, Annaberdi"]
[Result "1-0"]
[WhiteElo "2519"]
[BlackElo "2325"]
[Annotator "TA"]
[PlyCount "103"]
[EventDate "2017.??.??"]
[EventType "swiss"]
[EventCountry "UZB"]
[SourceTitle "playchess.com"]
[Source "ChessBase"]
[SourceQuality "1"]

{[%evp 21,103,25,47,17,20,17,25,27,44,43,45,56,52,45,67,41,122,122,121,123,187,199,179,187,200,201,189,109,109,109,109,112,112,104,116,112,114,112,112,112,110,102,149,137,150,150,135,118,135,123,122,116,152,133,117,114,145,111,104,104,116,112,124,122,108,103,105,117,206,206,240,232,1554,1470,5189,5306,5081,2430,29968,29972,29978,29979,29979,29974]} 1. d4 Nf6 2. c4 g6 3. g3 Bg7 4. Bg2 O-O 5. Nc3 d6 6. Nf3 Nc6 7. O-O a6 8. d5 Na5 9. b3 c5 10. dxc6 bxc6 11. Bd2 {E63: King's Indian: Fianchetto: Panno Variation with 7...a6} c5 {LiveBook: 4 Games} 12. Ng5 $146 {[%cal Bf3g5,Bg5e4,Be4c3][%mdl 32]} ({Predecessor:} 12. Rc1 Bb7 13. Nd5 Nc6 14. Bc3 Nxd5 15. cxd5 Nb4 16. Bxg7 Kxg7 17. Qd2 Nxd5 18. Ng5 e6 {0-1 (63) Roiz,M (2605)-Bologan,V (2636) Dresden 2007}) 12... Bb7 13. Nd5 {The position is equal.} Nc6 14. Bc3 e5 15. Nxf6+ Bxf6 16. Ne4 Be7 17. Bb2 Rb8 18. Qd2 Qc7 (18... Nb4 $14) 19. f4 $1 $16 f5 20. Nc3 $1 Qa5 (20... Rbe8 $16 {was necessary.} 21. Nd5 Qb8 22. Nxe7+ Rxe7) 21. fxe5 $18 dxe5 22. Qd7 e4 23. Bxe4 Bf6 24. Bxc6 ({White should try} 24. Bd5+ $18 Kh8 25. Bxc6 Bxc6 26. Qxc6 Bxc3 27. Bxc3+ Qxc3 28. Qxc5) 24... Rf7 $16 25. Bd5 Bxd5 26. Qxd5 Bxc3 27. Bxc3 Qxc3 28. Qxc5 Re8 29. Rae1 Rfe7 30. Qd5+ Kg7 31. Qd1 Qe3+ 32. Rf2 h5 33. Qc1 Qc5 34. Qd2 Re5 35. Rd1 Rxe2 {( -> ...Qxf2+)} 36. Qd4+ Qxd4 37. Rxd4 {[%mdl 4096] Endgame KRR-KRR} Re1+ 38. Kg2 Rc1 39. Rd7+ Kf6 40. Rd6+ Re6 41. Rxe6+ Kxe6 {[#] KR-KR} 42. Kf3 $1 g5 43. Re2+ Kd6 44. Ke3 Kc5 {[#]} (44... Rg1 $16 {was worth a try.} 45. Rd2+ Ke6) 45. Rf2 $1 $18 Re1+ 46. Kd3 Re5 $2 (46... f4 47. gxf4 gxf4 48. Rxf4 Ra1) 47. Re2 Rxe2 48. Kxe2 Kd4 49. Kf3 a5 50. h4 {White mates.} gxh4 51. gxh4 Ke5 52. Ke3 {Precision: White = 90%, Black = 44%.} 1-0

[Event "FIDE Zone 3.4 Men-ch 2017"]
[Site "Tashkent"]
[Date "2017.06.21"]
[Round "6"]
[White "Atabayev, Maksat"]
[Black "Abdusattorov, Nodirbek"]
[Result "0-1"]
[WhiteElo "2498"]
[BlackElo "2462"]
[Annotator "TA"]
[PlyCount "98"]
[EventDate "2017.??.??"]
[EventType "swiss"]
[EventCountry "UZB"]
[SourceTitle "playchess.com"]
[Source "ChessBase"]
[SourceQuality "1"]

{[%evp 38,98,18,9,0,5,9,16,6,16,7,-10,10,0,0,-47,-14,-20,0,-32,0,-25,0,-24,8,0,0,-19,-22,-11,-12,-14,-2,-4,0,-14,-6,-25,-8,-148,-139,-227,-131,-130,-127,-313,-281,-422,-283,-300,-299,-427,-431,-590,-589,-587,-557,-541,-360,-489,-498,-1222,-1173]} 1. e4 e5 2. Nf3 Nc6 3. Bb5 a6 4. Ba4 Nf6 5. O-O Be7 6. Re1 b5 7. Bb3 d6 8. c3 O-O 9. h3 Nb8 10. d4 Nbd7 11. Nbd2 Bb7 12. Bc2 Re8 13. Nf1 Bf8 14. Ng3 g6 15. Bg5 h6 16. Bd2 Bg7 17. a4 Nb6 {C95: Closed Ruy Lopez: Breyer Variation with 10 d4} 18. b3 bxa4 19. bxa4 a5 20. Bd3 {[#] LiveBook: 5 Games} Nfd7 $146 ({Predecessor:} 20... Ba6 21. Bxa6 Rxa6 22. Qb3 Qa8 23. d5 Rb8 24. Qa2 c6 25. c4 {1-0 (80) Ni,H (2691)-Wagner,D (2583) Karlsruhe 2016}) 21. Bb5 c6 22. Bf1 Ba6 23. Bxa6 Rxa6 24. Qb3 Qc7 25. h4 h5 26. Ng5 Re7 27. Ne2 Ra8 28. Rab1 Rb8 29. Qa2 d5 30. exd5 Nxd5 31. Rxb8+ Qxb8 32. dxe5 Nxe5 33. Nd4 Qc7 34. Qb3 Bf6 35. c4 Ng4 {( -> ...Qh2+)} 36. Ndf3 Qa7 $40 {[%mdl 128] Black attacks.} 37. Nh3 {[#]} Nb4 $1 {[%mdl 512]} 38. Bxb4 (38. g3 $11) 38... Qb8 $17 39. Qd3 (39. Rxe7 $17 Bxe7 40. g3) 39... Qxb4 ({Better is} 39... axb4 $19 40. Rb1 c5) 40. Rb1 Qxa4 41. Nfg5 $2 (41. Rb8+ $17 Kh7 42. g3) 41... Kg7 42. Nf4 (42. Ne4 {was called for.}) 42... Bxg5 43. hxg5 {next f3 is good for White.} Qb4 44. Qd4+ (44. Kf1 {is a better defense.} Ne5 45. Qd1 Qxc4+ 46. Ne2) 44... Kh7 $19 45. Rf1 Re1 46. g3 Qb1 47. Rxe1 Qxe1+ 48. Kg2 a4 49. Qa7 {[#]} (49. Nd3 $142 Qe7 50. c5) 49... Qxf2+ $1 {[%mdl 512] Precision: White = 35%, Black = 61%.} 0-1

[Event "FIDE Zone 3.4 Men-ch 2017"]
[Site "Tashkent"]
[Date "2017.06.21"]
[Round "6"]
[White "Kostenko, Petr"]
[Black "Khusenkhojaev, Muhammad"]
[Result "0-1"]
[WhiteElo "2438"]
[BlackElo "2424"]
[Annotator "TA"]
[PlyCount "92"]
[EventDate "2017.??.??"]
[EventType "swiss"]
[EventCountry "UZB"]
[SourceTitle "playchess.com"]
[Source "ChessBase"]
[SourceQuality "1"]

{[%evp 19,92,20,18,15,27,21,33,25,36,28,30,8,15,18,45,39,44,25,15,11,20,44,100,110,130,88,104,83,88,0,20,35,70,31,25,20,101,115,228,205,213,148,148,155,151,0,0,0,0,0,-2,-19,-11,-95,-38,-67,-79,-631,-622,-29988,-29989,-29990,-29991,-29991,-29992,-29992,-29992,-29992,-29991,-29991,-29992,-29992,-29993,-29993,-29994]} 1. e4 e5 2. Nf3 Nc6 3. Bc4 Bc5 4. O-O Nf6 5. d3 O-O 6. c3 d5 7. exd5 Nxd5 8. a4 {C54: Giuoco Piano: 4 c3 Nf6, main lines with 5 d4 and 5 d3} a6 (8... Nb6 9. Bb5 Ne7 10. Nxe5 c6 11. Bc4 Bd6 12. a5 Bxe5 13. axb6 Qxb6 14. Re1 Qc7 15. Qh5 Bd6 {0-1 (53) Anton Guijarro,D (2660)-Howell,D (2684) Minsk 2017}) 9. a5 b5 10. axb6 Nxb6 {LiveBook: 3 Games} 11. Bg5 Be7 12. Bxe7 Qxe7 13. Nbd2 Nxc4 $146 ({Predecessor:} 13... Rd8 14. Re1 Nxc4 15. Nxc4 f6 {1-0 (60) Karpus,M (2303)-Sirp,K (1856) Porec 2015}) 14. Nxc4 f6 15. Re1 Qf7 16. b4 Bb7 {[%cal Bc8b7,Bb7d5,Bd5e6][%mdl 32]} 17. Nfd2 Ne7 18. Na5 Bd5 19. c4 Be6 20. d4 {[%cal Bd3d4,Bd4d5][%mdl 32]} Rad8 (20... Rab8 $14) 21. d5 $16 Bc8 22. Ra3 Nf5 23. Ne4 Nd4 24. f4 (24. Nb3 $16) 24... Bf5 25. Ng3 Qg6 26. Rf1 Bg4 27. Qd2 c6 (27... Rb8 $11 {keeps the balance.}) 28. Nb7 Rb8 (28... Rd7 $16 {might work better.}) 29. dxc6 $18 Nxc6 30. Rxa6 {aiming for f5.} exf4 31. Rxc6 ({Don't play} 31. Rxf4 $6 Qb1+ 32. Rf1 Qxb4 $11) 31... fxg3 {[#]} 32. Rc7 $2 (32. Nd6 $1 $16) 32... gxh2+ $11 33. Kh1 Rfe8 {[%cal Bf8e8,Be8e2,Be2d2,Bd2d1][%mdl 32]} 34. Nd6 Re2 $40 {[%mdl 128] Black attacks.} 35. Qd5+ Be6 36. Qc6 {[#]} (36. Qf3 $1 $11 Rd2 37. Nb7) 36... h5 (36... Rd2 $1 $17 {White must now prevent ...Rd8.} 37. Nc8 Kh8) 37. Qf3 Rd2 38. Nb7 $2 {[%mdl 8192]} (38. Qe4 $17 Qxe4 39. Nxe4) 38... Re8 $19 39. Rf2 Bg4 {Black mates.} 40. Qf4 Re1+ 41. Kxh2 Rdd1 42. Rxg7+ Kxg7 43. Qc7+ Kh6 44. Qf4+ Qg5 45. Qxf6+ Qxf6 46. Rxf6+ Kg5 {Precision: White = 36%, Black = 49%.} 0-1

[Event "FIDE Zone 3.4 Men-ch 2017"]
[Site "Tashkent"]
[Date "2017.06.21"]
[Round "6"]
[White "Fayzullaev, Akmal"]
[Black "Markov, Mikhail"]
[Result "1/2-1/2"]
[WhiteElo "2391"]
[BlackElo "2413"]
[Annotator "TA"]
[PlyCount "170"]
[EventDate "2017.??.??"]
[EventType "swiss"]
[EventCountry "UZB"]
[SourceTitle "playchess.com"]
[Source "ChessBase"]
[SourceQuality "1"]

{[%evp 10,170,8,17,34,27,38,26,35,30,36,35,65,53,54,45,51,40,46,33,33,31,35,20,34,30,72,39,102,48,62,31,25,13,58,0,0,0,0,0,7,0,8,15,16,-19,12,-48,35,-163,-158,-157,-144,-604,-604,-544,-518,-510,-499,-492,-441,-423,-423,-864,-169,-197,-192,-196,-189,-201,-185,-150,-5,0,-7,-20,-21,-160,-128,-201,-182,-197,-199,-196,-189,-187,-173,-152,-127,-128,-95,-81,-98,-113,-60,-81,-65,-81,-81,-81,-81,-81,-81,-81,-80,-81,-81,-81,-81,-81,-81,-81,-74,-113,-113,-113,-113,-113,-88,-88,-88,-113,-106,-113,-88,-113,-113,-113,-69,-113,-88,-113,-88,-113,0,-113,0,-113,-113,-113,-113,-113,-57,-113,0,-113,-113,-113,-113,-113,-113,-113,-113,-120,-100,-113,-101,-120,-77,-113,-110,-108,0]} 1. Nf3 Nf6 2. d4 e6 3. e3 d5 4. Bd3 Nbd7 5. O-O c5 6. c4 {LiveBook: 3 Games. D05: Colle System with ...e6} (6. b3 g6 7. Bb2 Bg7 8. c4 O-O 9. cxd5 Nxd5 10. Qe2 b6 11. Rd1 Bb7 12. Nbd2 cxd4 13. Nxd4 Nc5 14. Bc4 {½-½ (33) Kramnik,V (2808)-Aronian,L (2795) Moscow 2016}) 6... a6 7. cxd5 exd5 $146 ({Predecessor:} 7... Nxd5 8. e4 N5f6 9. d5 exd5 10. exd5 Nxd5 11. Bxa6 Rxa6 12. Qxd5 Be7 {0-1 (58) Morea,G (1871)-Nastase,A (1799) Calimanesti 2014}) 8. b3 {White is slightly better.} Be7 9. Bb2 O-O 10. Ne5 Nxe5 11. dxe5 Ne8 12. Nc3 Be6 13. Ne2 b5 14. f4 f5 15. g4 g6 $1 16. gxf5 gxf5 17. Rf3 Ng7 {[%cal Be8g7,Bg7e6,Be6c5][%mdl 32]} 18. Rh3 Bf7 (18... Rb8 $14) 19. Ng3 (19. Qf1 $16) 19... Bg6 $14 20. Be2 d4 21. Bf3 Ra7 {[%cal Ba8a7,Ba7d7,Bd7d4][%mdl 32]} 22. exd4 (22. a4 $14) 22... Ne6 $11 23. Ne2 cxd4 24. Qd3 Nc5 25. Qd2 (25. Qxd4 Rd7 $15) 25... d3 26. Nd4 Rd7 27. Qe3 Ne4 28. Bxe4 ({But not} 28. Qxd3 $2 Bc5 $19) (28. e6 $11 Rd5 29. Bxe4 (29. Qxd3 Qd6 $15) 29... fxe4 30. Rg3) 28... Bc5 (28... fxe4 $15 29. f5 Bxf5 30. Rg3+ (30. Nxf5 Rxf5 31. e6 Bc5 $15) 30... Bg6) 29. Bxd3 $2 (29. Bg2 $14 {keeps the upper hand.} Rxd4 30. b4 Rxb4 31. Qxc5 Rxb2 32. Bd5+ Kg7 33. Qa7+ (33. Rxd3 Qh4 $17) 33... Kh8 34. Qd4) 29... Rxd4 $19 30. Kf1 Qd5 $1 {[%cal Rd5h1]} 31. Qg3 $2 {[%mdl 8192] [#]} (31. Rc1 $17 Qh1+ 32. Ke2 Qg2+ 33. Ke1 Qxb2 34. Rxc5) 31... Rxd3 $1 {[%mdl 512]} 32. Qxd3 Qh1+ 33. Ke2 Qg2+ 34. Kd1 Qxb2 35. Rc1 Be7 36. Rc7 (36. Qd7 $142 Rd8 37. Rc8 Qb1+ 38. Ke2 Qxa2+ 39. Kf1 Qb1+ 40. Kg2 Qe4+ 41. Rf3 Rxc8 42. Qxc8+ Kf7 43. e6+ Qxe6 44. Qxe6+ Kxe6 45. Rf1) 36... Qa3 $2 (36... Rd8 37. Rd7 Rc8) 37. Qd7 Rd8 38. Rc8 Rxc8 39. Qxc8+ Kg7 40. Qc7 Qc5 ({Better is} 40... Kf7 $17 41. Qd7 Qb2 42. Qd5+ Kf8) 41. Qxc5 $11 Bxc5 42. Rc3 Bg1 43. h3 {[#]} (43. Rh3 $11) 43... Bh2 $1 $17 44. Rc6 (44. Rc7+ $17 Kf8 45. Ra7) 44... Bxf4 $19 45. Rxa6 Bh5+ 46. Ke1 Bxe5 47. a4 {[#]} bxa4 $1 48. bxa4 Bc3+ 49. Kf1 Bf7 {And now ...Bc4+ would win.} 50. Rc6 Bb4 51. a5 Be8 (51... Bxa5 $17 52. Rc5 Bb4 53. Rxf5 Be6) 52. Rc7+ $15 Kf8 53. Kg2 Bxa5 54. Rc5 Bd8 {...Bd7 is the strong threat.} (54... Bb4 {with more complications.} 55. Rxf5+ Kg7 56. Kg3 Bc6 57. Rg5+ Kh6) 55. Rxf5+ Kg7 56. Rc5 {Threatens to win with Rc8.} Bg6 (56... Bb6 {feels hotter.} 57. Rc4 Bb5 58. Rb4 Bc6+ 59. Kg3 Bc7+) 57. Kf3 Be7 58. Rd5 Kf6 59. Kg4 Bc2 60. Kf4 Bb3 61. Rd3 Be6 62. Kg3 Kg5 63. Rd4 Bf6 {[#] ( -> ...Be5+)} 64. Rg4+ $1 {[%mdl 512]} Kh5 (64... Bxg4 65. hxg4) 65. Kf2 Bg5 (65... Bxg4 $2 66. hxg4+ Kg5 67. Kg1 $19) 66. Kg3 Bd8 67. Kf2 h6 68. Kg3 Bg5 69. Kf3 Bb3 70. Kf2 Bc2 71. Kg2 Bb3 72. Kf2 Be6 (72... Bh4+ $17 73. Kf3 Bd5+ 74. Ke3 Bc6) 73. Kg3 (73. Kf3 $1 $11) 73... Bd8 74. Kf2 Bb6+ 75. Kg3 Bd5 (75... Bc7+ $17 76. Kf3 Bxg4+ 77. hxg4+ Kh4) 76. Rg7 (76. Rh4+ $15 Kg5 77. Rg4+ Kf5 78. Rf4+ Ke6 79. Ra4) 76... Be6 77. Rg4 $1 Bc7+ {Black is better.} 78. Kf2 Bd5 79. Kg1 Bd8 {Hoping for ...Bb6+.} 80. Kf2 Bb3 81. Kg3 Bd1 {White must now prevent ...Bc7+.} 82. Kf2 Be7 (82... Bxg4 $2 83. hxg4+ Kh4 84. Kg1 $19) 83. Kg3 Bg5 84. Kf2 Bh4+ (84... Bxg4 $2 85. hxg4+ Kh4 86. Kg1 $19) 85. Kg2 Bxg4 {Precision: White = 42%, Black = 48%.} ({Black should try} 85... Bf6 $17 86. Rb4 Kg5) 1/2-1/2

[Event "FIDE Zone 3.4 Men-ch 2017"]
[Site "Tashkent"]
[Date "2017.06.21"]
[Round "6"]
[White "Sindarov, Javokhir"]
[Black "Sattarov, Bobir"]
[Result "1-0"]
[WhiteElo "2385"]
[BlackElo "2389"]
[Annotator "TA"]
[PlyCount "85"]
[EventDate "2017.??.??"]
[EventType "swiss"]
[EventCountry "UZB"]
[SourceTitle "playchess.com"]
[Source "ChessBase"]
[SourceQuality "1"]

{[%evp 20,85,53,33,31,37,40,36,31,43,37,33,61,57,59,59,60,52,60,43,47,12,39,21,20,25,42,43,300,301,293,296,313,304,465,478,478,472,482,469,436,414,403,396,402,399,424,416,452,451,522,426,500,403,533,523,495,370,591,584,29983,29982,29996,29997,29997,29998,29998,29999]} 1. e4 d6 2. d4 Nf6 3. Nc3 e5 4. Nf3 Nbd7 5. Bc4 Be7 6. O-O O-O 7. a4 a5 8. h3 c6 9. Ba2 {C41: Philidor Defence} (9. Re1 exd4 10. Qxd4 Nb6 11. Ba2 d5 12. exd5 Nfxd5 13. Nxd5 Nxd5 14. Bxd5 cxd5 15. Bf4 Bf5 16. c3 Be4 17. Nd2 Bg6 18. Nf1 {1-0 (38) Ragger,M (2680)-Kunin,V (2551) Minsk 2017}) 9... exd4 10. Nxd4 Nb6 11. Re1 {LiveBook: 4 Games. White is slightly better.} (11. Qf3 {seems wilder.} d5 12. exd5 Nbxd5 13. Rd1 Qb6 14. Nxd5 Nxd5 15. Bxd5 cxd5 16. Qxd5 Rd8 17. Qb5) 11... d5 12. exd5 Nfxd5 13. Nxd5 Nxd5 14. Bxd5 cxd5 {[#]} 15. c3 $146 ({Predecessor:} 15. Bf4 Bc5 16. Nb5 Be6 17. Qd3 {1-0 (78) Haba,P (2512)-Krapivin,V (2362) Pardubice 2010}) 15... Bd6 16. Qf3 Ra6 17. Bf4 Bc5 18. Rad1 Rg6 19. Bg3 Be6 20. Qf4 Qb6 21. Rd2 h6 22. Nb5 Kh7 23. Kh1 Bd7 $2 {[%mdl 8192] [#]} (23... Rc8 $14) 24. b4 $1 $18 ({Less strong is} 24. Rxd5 Bc6 $14) 24... axb4 25. cxb4 {[%cal Bc3b4,Bb4c5][%mdl 32]} Rf6 26. bxc5 Rxf4 (26... Qxc5 $142 27. Qc7 Qxc7 28. Nxc7 Bxa4 29. Nxd5 Rf5) 27. cxb6 Rxa4 28. Nd6 Bc6 29. Re7 Rb4 30. Nxb7 Rxb6 31. Nd6 Kg8 32. Kh2 Ra6 33. Rc7 Ba8 34. Rd4 g5 35. Nf5 Rd8 36. Rb4 Re6 37. Ra4 d4 38. Rxd4 Rde8 (38... Rxd4 $142 39. Nxd4 Ra6) 39. Rdd7 h5 40. Rxf7 {White mates.} h4 41. Rg7+ Kh8 42. Rh7+ Kg8 43. Rcg7+ {Precision: White = 79%, Black = 33%.} 1-0

[Event "FIDE Zone 3.4 Men-ch 2017"]
[Site "Tashkent"]
[Date "2017.06.21"]
[Round "6"]
[White "Kakabaev, Mergen"]
[Black "Odeev, Handszar"]
[Result "1/2-1/2"]
[WhiteElo "2348"]
[BlackElo "2405"]
[Annotator "TA"]
[PlyCount "95"]
[EventDate "2017.??.??"]
[EventType "swiss"]
[EventCountry "UZB"]
[SourceTitle "playchess.com"]
[Source "ChessBase"]
[SourceQuality "1"]

{[%evp 19,95,-10,0,-27,-23,-36,0,-24,0,0,0,0,50,-18,-11,-83,-72,-71,-71,-77,-86,-154,-129,-120,-132,-119,-122,-114,-109,-123,-133,-107,-119,-240,-181,-173,-140,-142,-142,-141,0,-158,-150,-148,-70,-114,0,-154,-97,-108,-112,-68,-78,-64,-78,-91,-21,-22,-23,-22,-9,-12,-16,-25,0,0,0,0,0,0,0,0,0,0,0,0,0,0]} 1. e4 c5 2. Nf3 d6 3. d4 cxd4 4. Nxd4 Nf6 5. Nc3 a6 6. Bg5 Nbd7 7. Bc4 Qa5 8. Qd2 e6 9. Bb3 {B94: Sicilian Najdorf: 6 Bg5 Nbd7} Be7 10. O-O-O Nc5 {LiveBook: 43 Games} 11. Bxf6 $146 ({Predecessor:} 11. Rhe1 Qc7 12. Kb1 h6 13. Bh4 O-O 14. Bg3 b5 15. e5 dxe5 16. Rxe5 {0-1 (83) Kasimdzhanov,R (2703)-Ponomariov,R (2706) Almaty 2016}) 11... Bxf6 12. Kb1 Bd7 13. Rhe1 O-O-O 14. f4 Qc7 15. g4 h6 16. Qe3 (16. Nf5 $1 $14 exf5 17. Nd5) 16... Kb8 17. Qg3 {[#]} (17. Qf2 $11) 17... g5 $1 $17 18. f5 Be5 19. Qf2 h5 20. h4 ({Better is} 20. h3) 20... gxh4 21. Qxh4 hxg4 22. Qxg4 Rdg8 23. Qf3 Rg3 24. Qf1 Rgh3 25. fxe6 fxe6 26. Qf7 (26. Nce2 $17) 26... R3h7 27. Qf3 b5 28. a3 Rh3 29. Qf7 {[%cal Rd4e6]} R3h7 30. Qf3 Qb6 31. Nce2 Rh3 (31... b4 $17 32. a4 a5) 32. Qf7 R3h7 33. Qf3 Qb7 (33... b4 $142 34. a4 a5) 34. Rh1 Rxh1 ({Of course not} 34... Qxe4 $6 35. Qxe4 Nxe4 36. Rxh7 $11) 35. Rxh1 Rxh1+ 36. Qxh1 Nxe4 37. Qh6 {[#]} Nc5 (37... Bxd4 $1 $17 38. Nxd4 e5) 38. Bxe6 $11 Nxe6 39. Nxe6 Qd5 40. Qf8+ Bc8 41. Nd8 $1 Qd1+ 42. Nc1 {The position is equal.} Kc7 43. Qe7+ Kb6 {aiming for ...Bf4.} 44. Qe8 {Intending Qc6+ and mate.} Kc7 45. Qe7+ Kb6 {Threatens to win with ...Bf4.} 46. Qe8 {White threatens Qc6+ and mate.} Kc7 47. Qe7+ Kb6 {Hoping for ...Bf4.} 48. Qe8 {Precision: White = 58%, Black = 54%.} 1/2-1/2

[Event "FIDE Zone 3.4 Men-ch 2017"]
[Site "Tashkent"]
[Date "2017.06.21"]
[Round "6"]
[White "Shermuhammadov, Samandar"]
[Black "Tologontegin, Semetey"]
[Result "0-1"]
[WhiteElo "1998"]
[BlackElo "2439"]
[Annotator "TA"]
[PlyCount "100"]
[EventDate "2017.??.??"]
[EventType "swiss"]
[EventCountry "UZB"]
[SourceTitle "playchess.com"]
[Source "ChessBase"]
[SourceQuality "1"]

{[%evp 11,100,52,79,49,67,58,66,21,74,10,9,0,3,0,3,4,6,0,7,-16,-12,-14,-2,-6,8,8,10,9,4,8,15,0,0,0,0,0,0,-76,-69,-68,-3,-20,49,27,39,0,0,0,0,0,0,0,0,0,0,-32,-16,-31,-25,-104,-63,-338,-341,-332,-326,-377,-372,-346,-297,-298,-298,-310,-317,-325,-315,-460,-446,-622,-560,-676,-669,-648,-640,-606,-594,-908,-885,-965,-975,-812,-781]} 1. e4 d5 2. exd5 Qxd5 3. Nf3 Bg4 4. Be2 Nf6 5. d4 e6 6. O-O Be7 {LiveBook: 19 Games} 7. Be3 {B01: Scandinavian Defence} (7. c4 Qd8 8. Qb3 Qc8 9. Nc3 O-O 10. Bf4 c6 11. h3 Bh5 12. d5 exd5 13. cxd5 Rd8 14. Rac1 Nbd7 15. dxc6 bxc6 {½-½ (51) Bailet,P (2492)-Lapshun,Y (2396) Barcelona 2016}) 7... O-O 8. h3 Bh5 9. Nc3 {White is slightly better.} (9. c4 {keeps more tension.} Qd6 10. Nc3 Nc6 11. Qd2 Rad8 12. Rfd1) 9... Qa5 (9... Qd8 $11) 10. Ne5 (10. g4 $16) 10... Bxe2 $11 11. Qxe2 Nbd7 12. Nd3 $146 ({Predecessor:} 12. Bf4 Bd6 13. Nxd7 Nxd7 14. Bxd6 cxd6 15. Rad1 Rac8 16. Rd2 Nb6 17. Rd3 Nc4 18. b3 Nb6 19. Qd2 Rfd8 20. d5 e5 {½-½ (20) Bakos,V (1777)-Lakat,G (1836) Budapest 2015}) 12... Rfd8 13. a3 c6 14. Rad1 Rac8 15. f4 Nb6 16. Ne5 c5 17. Kh2 cxd4 18. Bxd4 Na4 19. Nxa4 Qxa4 20. c3 a6 21. Ng4 (21. Rfe1 $5 {[%cal Re5f7]} Qb5 22. Qxb5 axb5 23. g3 $14) 21... Nxg4+ 22. Qxg4 {[%csl Gd4][%cal Rg4g7]} g6 23. Qe2 {Black must now prevent Qe5.} Rd5 24. Kh1 (24. Be5 $11 {keeps the balance.}) 24... Rcd8 $17 25. Rde1 Bc5 (25... Bf8 $15) 26. Bf6 Re8 {[#]} ({Black should try} 26... Rd2 $11 27. Bxd8 Rxe2 28. Rxe2 Qb5) 27. f5 $1 {[%mdl 512]} Qd7 (27... Rxf5 28. Rxf5) 28. Qe4 Bf8 29. c4 Rxf5 30. Rxf5 gxf5 31. Qh4 {White wants to mate with Qg5+.} h6 32. Qg3+ Kh7 33. b4 (33. c5 $5) 33... Qd6 34. Be5 Qd2 35. Re3 (35. Bf6 $11 {remains equal.}) 35... Rd8 36. h4 $2 {[%mdl 8192]} ({Better is} 36. Kh2 $15) 36... Qc1+ $19 37. Re1 Qxc4 38. Bb2 Rd2 39. Rc1 Rc2 40. Rxc2 Qxc2 41. Be5 Qd1+ 42. Kh2 Qg4 43. Qxg4 (43. Qe1 $142) 43... fxg4 {[%mdl 4096] Endgame KB-KB. Black is clearly winning.} 44. h5 Bg7 45. Bd6 b5 46. Kg3 f5 47. Kf4 Bb2 48. g3 Kg7 49. Bc7 Kf7 50. Bb6 Ke7 {Precision: White = 36%, Black = 70%.} 0-1